BIBLIOTECA

SENCICO

Ensayo de suelos para pavimentos / (Registro nro. 4299)

Detalles MARC
000 -LEADER
fixed length control field 01173nam a22002777a 4500
003 - CONTROL NUMBER IDENTIFIER
control field PE SENCICO BE
005 - DATE AND TIME OF LATEST TRANSACTION
control field 20251020182641.0
008 - FIXED-LENGTH DATA ELEMENTS--GENERAL INFORMATION
fixed length control field 230913b |||||||| |||| 00| 0 eng d
040 ## - CATALOGING SOURCE
Original cataloging agency PE SENCICO BE
Transcribing agency PE SENCICO BE
041 ## - LANGUAGE CODE
Language code of text/sound track or separate title spa
084 ## - OTHER CLASSIFICATION NUMBER
Classification number I
-- LAB
-- 2018
Item number B39
100 1# - MAIN ENTRY--PERSONAL NAME
9 (RLIN) 1563
Personal name Berrio Quispe, Jesús Alberto
Relator term autor
245 1# - TITLE STATEMENT
Title Ensayo de suelos para pavimentos /
Statement of responsibility, etc. Jesús Alberto Berrio Quispe
260 ## - PUBLICATION, DISTRIBUTION, ETC.
Place of publication, distribution, etc. Lima :
Date of publication, distribution, etc. 2018
300 ## - PHYSICAL DESCRIPTION
Extent 87 hojas :
Other physical details ilustraciones a color, diagramas ;
Dimensions 30 cm.
502 ## - DISSERTATION NOTE
Dissertation note Monografía de Titulación.-- Servicio Nacional de Capacitación para la Industria de la Construcción. Escuela Superior Técnica. Carrera Profesional Técnica en Laboratorio de Suelos, Concreto y Asfalto, 2018.
504 ## - BIBLIOGRAPHY, ETC. NOTE
Bibliography, etc. note Bibliografía: h. 87
650 10 - SUBJECT ADDED ENTRY--TOPICAL TERM
9 (RLIN) 1262
Topical term or geographic name entry element Laboratorio de suelos
650 20 - SUBJECT ADDED ENTRY--TOPICAL TERM
9 (RLIN) 155
Topical term or geographic name entry element Estudio de suelos
650 20 - SUBJECT ADDED ENTRY--TOPICAL TERM
9 (RLIN) 145
Topical term or geographic name entry element Pavimentos
650 20 - SUBJECT ADDED ENTRY--TOPICAL TERM
9 (RLIN) 1263
Topical term or geographic name entry element Laboratorio de ensayo de materiales
650 20 - SUBJECT ADDED ENTRY--TOPICAL TERM
9 (RLIN) 1257
Topical term or geographic name entry element Agregados (Materiales de construcción)
710 1# - ADDED ENTRY--CORPORATE NAME
Corporate name or jurisdiction name as entry element Servicio Nacional de Capacitación para la Industria de la Construcción.
Subordinate unit Escuela Superior Técnica
9 (RLIN) 1065
910 ## - USER-OPTION DATA (OCLC)
-- hfp
-- hfp
942 ## - ADDED ENTRY ELEMENTS (KOHA)
Koha item type Monografía de Titulación
Existencias
Fecha de la última vez que lo usaron Número de ingreso o de inventario Pago total Signatura topográfica completa Precio efectivo desde Tipo de documento Estado perdido Estado dañado No es para préstamo Retirado Ubicación permanente Ubicación actual Fecha de adquisición
13/09/2023 I-00114   I/LAB/2018/B39 13/09/2023 Monografía de Titulación         Biblioteca Central Lima Biblioteca Central Lima 13/09/2023